000 01774nam a22002537a 4500
003 OSt
005 20260515115449.0
008 260121b |||||||| |||| 00| 0 eng d
022 _a1522-9076
022 _a1522-8916
040 _aTBS
_bEN
_cTBS
041 _aeng
100 _aAsongu, Simplice A.
_926987
_eauthor
245 _aChallenges of doing business in Africa
_b: a systematic review
_c/ Simplice A. Asongu, Nicholas M. Odhiambo.
260 _bJournal of African Business,
_c2019.
300 _a259-268 pages.
362 _aJournal of African business, 2019-04, Vol.20 (2), p.259-268
520 _aThis paper provides a systematic review of challenges to doing business in Africa. It complements the extant literature by answering two critical questions: what are the linkages between the ease of doing business and economic development; and what are the challenges to doing business in Africa? In providing answers to these questions, the nexus between the ease of doing business and economic development is discussed in six main strands, namely: wealth creation and sharing; opportunities of employment; balanced regional and economic development; Gross Domestic Product (GDP) and GDP per capita; standards of living and exports. Moreover, challenges to doingbusiness are articulated along the following lines: (i) issues related to the cost of starting a business and doing business; (ii) shortage of energy and electricity; (iii) lack of access to finance; and (v) high taxes and low cross-border trade.
630 0 _aMSc International Business
_926977
650 0 _aEconomic development
_99035
700 _aOdhiambo, Nicholas M.
_926988
_eauthor
856 _uhttps://research-ebsco-com.hub.tbs-education.fr/c/q5dvh4/viewer/pdf/radcefys6z
942 _2lcc
999 _c5231
_d5231